Best Selling Apps on iPhone - Statistics

General Stats
  • This quiz has been taken 25 times
  • The average score is 2 of 25
Answer Stats
Rank App % Correct
1 Angry Birds
67%
23 Minecraft
58%
2 Fruit Ninja
17%
17 Monopoly
17%
4 Cut The Rope
8%
6 WhatsApp
8%
5 Angry Birds Seasons
0%
10 Angry Birds Space
0%
18 Angry Birds Star Wars
0%
7 Camera+
0%
24 Colour Splash
0%
3 Doodle Jump
0%
16 Draw Something
0%
14 Moron Test
0%
19 MotionX GPS Drive
0%
12 Plants vs Zombies
0%
11 Pocket God
0%
21 Scrabble
0%
20 Skee Ball
0%
13 The Game of Life
0%
25 The Sims 3
0%
9 Tiny Wings
0%
22 Uno
0%
15 Where's My Water
0%
8 Words With Friends
0%
No matching quizzes found
Score Distribution
Percent of People with Each Score
Percentile by Number Answered
Your Score History
You have not taken this quiz